000 01022nam a2200205 a 4500
005 20220524063657.0
008 040203s1996 es r 000 0 spa d
020 _a8427711557
035 _aUPN01000131676
049 _aCE
050 4 _aQA20 G3.5
_bA5.7
100 1 _aAlvarez Alvarez, Angel
245 1 0 _aActividades matemáticas con materiales didácticos :
_bmás de 250 problemas con fichas... /
_cAngel Alvarez Alvarez.
260 _aMadrid :
_bMinisterio de Educación y Ciencia :
_bNárcea,
_c1996.
300 _a3 fascs. en estuche :
_bil.
440 0 _aMateriales 12-16 para educación secundaria.
_pMatemáticas
505 8 _aContenido:
_g1.
_tBases metodológicas y eidácticas --
_g2.
_tActividades: fichas, dominó, palillos, geoplano cuadrado, geoplano circular, trama cuadrada, trama triangular y trama circular --
_g3.
_tActividades: policubos, pentominós, libros de espejos, tangram, tabla de multiplicar y papiroflexia
650 4 _aMatemáticas
_xEstudio y enseñanza (Secundaria)
_94860
905 _aLibro
999 _c103831
_d103831